Concentración, derecho a la información y democracia /
Guardado en:
| Autor principal: | |
|---|---|
| Formato: | Texto |
| Materias: | |
| Etiquetas: |
Agregar Etiqueta
Sin Etiquetas, Sea el primero en etiquetar este registro!
|
MARC
| LEADER | 00000 a a2200000 04500 | ||
|---|---|---|---|
| 001 | 5039 | ||
| 003 | |||
| 040 | |||
| 100 | |a Solís Leree, Beatriz | ||
| 245 | |a Concentración, derecho a la información y democracia / |c Beatriz Solís Leree | ||
| 650 | |a INFORMACION | ||
| 650 | |a DERECHO | ||
| 650 | |a DEMOCRACIA | ||
| 773 | |g volumen 24, número 3; páginas 91-110 | ||
| 999 | |c 35783 |d 35783 | ||
